000 00663nam a22001937a 4500
005 20251108165445.0
008 250721s1986 xx 000 0 ara d
082 1 4 _aم/956.0638/حبي
100 1 _aإبن حبيب الحلبي، بدر الدين أبو محمد ...
245 1 0 _aتذكرة النبيه في أيام المنصور و بنية /
264 1 _aالقاهرة :
_bالهيئة المصرية العامة للكتاب،
_c1986.
300 _a
650 1 7 _aالمماليك 1250-1517
650 1 7 _aالعرب
650 1 7 _aالتاريخ
700 1 _aأمين، محمد محمد
_eتحقيق
942 _2ddc
_cREF
999 _c28381
_d28381